000 00644nam a2200265Ia 4500
005 20260121170757.0
008 008 260114s9999 xx 000 0 eng d
020 _a9781137517005
037 _aEBOOK
040 _aCRL
040 _beng
040 _cCRL
041 _2eng
041 _aeng
084 _qCRL
100 _aPatrick F. Walsh
_91068037
245 0 _aIntelligence, Biosecurity and Bioterrorism
260 _bSpringer
260 _bSpringer
260 _c2018
856 _uhttps://link.springer.com/openurl?genre=book&isbn=978-1-137-51700-5
942 _cEBOOK
999 _c1633767
_d1633767